Desenhe as Fronteiras da América - Statistics

Estatísticas Gerais
  • Esse quiz foi jogado 258 vezes
  • A pontuação média é 35 de 38
Respostas no mapa
Respostas codificadas por cores de uma escala verde-vermelha no mapa do quiz de acordo com a % correta abaixo.
 
Estatísticas das Respostas
Resposta % Correto
Argentina - Brasil
100%
Brasil - Paraguai
99%
Brasil - Peru
99%
Argentina - Chile
98%
Bolívia - Brasil
98%
Brasil - Colombia
98%
Brasil - Suriname
98%
Brasil - Uruguai
98%
Brasil - Venezuela
98%
Argentina - Paraguai
97%
Bolívia - Chile
97%
Bolívia - Peru
97%
Brasil - França
97%
Brasil - Guiana
97%
Canadá - Estados Unídos
97%
Colombia - Peru
97%
México - Estados Unídos
97%
Colombia - Equador
96%
Colombia - Venezuela
96%
Argentina - Bolívia
95%
Guiana - Suriname
95%
Guiana - Venezuela
95%
Argentina - Uruguai
94%
Equador - Peru
94%
Chile - Peru
93%
Bolívia - Paraguai
92%
França - Suriname
92%
Colombia - Panamá
88%
Costa Rica - Panamá
88%
Guatemala - México
87%
Guatemala - El Salvador
86%
Costa Rica - Nicarágua
84%
Guatemala - Honduras
83%
Honduras - Nicarágua
83%
Belize - Guatemala
82%
Belize - México
82%
República Dominicana - Haiti
81%
Honduras - El Salvador
79%
Nenhum quiz correspondente encontrado
Distribuição das Pontuações
Porcentagem de Pessoas com Cada Pontuação
Percentil de Números Respondidos
Sua Pontuação Histórica
Você não jogou esse quiz